00405cam a2200145ua 450000100060000000800390000604000090004504100080005408200140006210000270007624500630010326000590016630000100022565300240023510878190502n ii |||gr||||Z||||||asm cMAIN aasm a491.15103 aDilip Sharma,eAuthor. aTulanamulak Asamar janajatiya shabda-koshcBy Dilip Sharma aMysore:bCentral Institute of Indian Languages,c2008. a163p. aAssamese dictionary